|
|
|
|
| LEADER |
00000nlm0a2200000 4500 |
| 001 |
341579 |
| 005 |
20231102005347.0 |
| 035 |
|
|
|a (RuTPU)RU\TPU\book\369765
|
| 035 |
|
|
|a RU\TPU\book\369763
|
| 090 |
|
|
|a 341579
|
| 100 |
|
|
|a 20181016d2018 k y0rusy50 ca
|
| 101 |
0 |
|
|a rus
|
| 102 |
|
|
|a RU
|
| 105 |
|
|
|a a m 000zy
|
| 135 |
|
|
|a drcn ---uucaa
|
| 181 |
|
0 |
|a i
|
| 182 |
|
0 |
|a b
|
| 200 |
1 |
|
|a Исследование и совершенствование технологии безаварийного бурения интервалов под направления и кондукторы разведочных и эксплуатационных скважин на месторождениях Восточно-Сибирского региона (на примере Куюмбинского нефтяного месторождения)
|b Электронный ресурс
|e диссертация на соискание ученой степени кандидата технических наук
|e спец. 25.00.14
|f К. В. Бузанов
|g Национальный исследовательский Томский политехнический университет ; науч. рук. Ю. Л. Боярко
|
| 203 |
|
|
|a Текст
|c электронный
|
| 210 |
|
|
|a Томск
|d 2018
|
| 215 |
|
|
|a 1 файл (3 572 KB)
|
| 230 |
|
|
|a Электронные текстовые данные (1 файл : 3 572 KB)
|
| 300 |
|
|
|a Заглавие с титульного экрана
|
| 300 |
|
|
|a Электронная версия печатной публикации
|
| 452 |
|
1 |
|0 (RuTPU)RU\TPU\book\370815
|t Исследование и совершенствование технологии безаварийного бурения интервалов под направления и кондукторы разведочных и эксплуатационных скважин на месторождениях Восточно-Сибирского региона (на примере Куюмбинского нефтяного месторождения)
|o диссертация на соискание ученой степени кандидата технических наук
|o спец. 25.00.14
|f К. В. Бузанов
|g Национальный исследовательский Томский политехнический университет (ТПУ) ; науч. рук. Ю. Л. Боярко
|c Томск
|n [Б. и.]
|d 2018
|p 139 л.
|a Бузанов, Кирилл Владимирович
|
| 606 |
1 |
|
|a Буровые скважины
|x Промывка и чистка
|2 stltpush
|3 (RuTPU)RU\TPU\subj\30624
|9 53706
|
| 610 |
1 |
|
|a электронный ресурс
|
| 610 |
1 |
|
|a диссертации
|
| 610 |
1 |
|
|a труды учёных ТПУ
|
| 610 |
1 |
|
|a исследования
|
| 610 |
1 |
|
|a совершенствование
|
| 610 |
1 |
|
|a безаварийность
|
| 610 |
1 |
|
|a бурение
|
| 610 |
1 |
|
|a интервалы
|
| 610 |
1 |
|
|a направления
|
| 610 |
1 |
|
|a кондукторы
|
| 610 |
1 |
|
|a разведочные скважины
|
| 610 |
1 |
|
|a эксплуатационные скважины
|
| 610 |
1 |
|
|a месторождения
|
| 610 |
1 |
|
|a Восточно-Сибирский регион
|
| 610 |
1 |
|
|a Куюмбинское нефтяное месторождение
|
| 610 |
1 |
|
|a буровые установки
|
| 610 |
1 |
|
|a буровые колонны
|
| 610 |
1 |
|
|a режимы бурения
|
| 610 |
1 |
|
|a забои
|
| 610 |
1 |
|
|a продувка воздухом
|
| 610 |
1 |
|
|a газожидкостные агенты
|
| 610 |
1 |
|
|a очистные агенты
|
| 675 |
|
|
|a 622.244.4(04)
|v 4
|
| 686 |
|
|
|a 25.00.14
|2 oksvnk
|
| 700 |
|
1 |
|a Бузанов
|b К. В.
|c геолог
|c ассистент кафедры Томского политехнического университета
|f 1991-
|g Кирилл Владимирович
|2 stltpush
|3 (RuTPU)RU\TPU\pers\33849
|
| 702 |
|
1 |
|a Боярко
|b Ю. Л.
|c специалист в области нефтегазового дела
|c профессор Томского политехнического университета, Почетный нефтяник Российской Федерации, кандидат технических наук
|f 1929-
|g Юрий Леонтьевич
|2 stltpush
|3 (RuTPU)RU\TPU\pers\25161
|4 727
|
| 712 |
0 |
2 |
|a Национальный исследовательский Томский политехнический университет
|b Инженерная школа природных ресурсов
|b Отделение нефтегазового дела
|h 8084
|2 stltpush
|3 (RuTPU)RU\TPU\col\23546
|
| 801 |
|
2 |
|a RU
|b 63413507
|c 20190212
|g RCR
|
| 856 |
4 |
|
|u http://earchive.tpu.ru/handle/11683/52767
|
| 942 |
|
|
|c CF
|